Ajedrez [juego] /

Guardado en:
Formato: Objeto Físico
Publicado: Argentina : Ruibal, 2000.
Materias:
Etiquetas: Agregar Etiqueta
Sin Etiquetas, Sea el primero en etiquetar este registro!
LEADER 00620nrm a22001455g 4500
001 CEM.cems019566
008 220923s2000##################0###0#####d
005 20220923173025.0
245 0 0 |a Ajedrez [juego] /  |c Ruibal. 
260 |a Argentina :  |b Ruibal,  |c 2000. 
300 |a 1 juego (32 piezas artesanales de madera 1 tablero) ; en caja 27 x 38 x 6 cm. + manual de instrucciones. 
500 |a Para 2 jugadores a partir de 7 años Objetivo: ser mejor estratega que tu oponente modelo interclub con reglamento internacional. 
082 0 4 |a J794.1 
653 |a 1. juego de ajedrez 
859 |a CEMS  |b BIB. CEMS - Ludoteca  |h J794.1  |i R358  |p 466.22  |t Ej.1